| 000 | 00564nam a2200193Ia 4500 | ||
|---|---|---|---|
| 003 | GCL | ||
| 008 | 140319s9999 xx 000 0 ara d | ||
| 040 |
_aGCL / _cGCL |
||
| 082 | 0 | 4 |
_a192 _bد ج |
| 100 | 1 | _aعبدالحميد يونس (ترجمة وتقديم) | |
| 245 | 1 | 0 |
_aجيفرسون / _cعبدالحميد يونس (ترجمة وتقديم) |
| 700 | 1 | _aديوى، جون | |
| 300 | _a201 ص | ||
| 490 |
_aالالف كتاب _v0 |
||
| 650 | 0 | 4 | _aنظريات |
| 650 | 0 | 4 | _aالفلسفة الغربية |
| 650 | 0 | 4 | _aجيفرسون |
| 942 |
_2ddc _cBK |
||
| 999 |
_c42847 _d42847 |
||